000 00589nam a22001937a 4500
005 20251108175305.0
008 250721s1997 xx 000 0 ara d
082 1 4 _a327.56040/عزت
100 1 _aعزت، عزة علي
245 1 0 _aصورة العرب في الغرب ملامحها وأساليب تغييرها /
264 _bمصر العربية للنشر والتوزيع،
_c1997.
300 _a419ص.
650 1 7 _aالاعلام
650 1 7 _aالعرب
650 1 7 _aالغرب
650 1 7 _aالعلاقات الدولية
942 _2ddc
_cBK
999 _c130691
_d130691